[Event "Autunno Scacchistico Magistrale"]
[Site "Venezia ITA"]
[Date "2002.10.??"]
[Round "6"]
[White "Artizzu, Giulio"]
[Black "Bosiocic, Marin"]
[Result "1/2-1/2"]
[WhiteElo "2044"]
[BlackElo "2135"]
[PlyCount "135"]
[EventDate "2002.10.31"]

1. e4 c5 2. Nf3 d6 3. d4 cxd4 4. Nxd4 Nf6 5. Nc3 Nc6 6. Bc4 e5 7. Nf5 Be6 8.
Bb3 g6 9. Ne3 Bg7 10. Ned5 O-O 11. O-O Nd4 12. Nxf6+ Bxf6 13. Bd5 Qb6 14. Bxe6
fxe6 15. Ne2 Rac8 16. Nxd4 Qxd4 17. Qe2 Be7 18. Qg4 Rxc2 19. Qxe6+ Rf7 20. Be3
Qxe4 21. Rac1 a6 22. Rxc2 Qxc2 23. Rc1 Qf5 24. Qd5 Qd7 25. f4 Bf6 26. Rd1 Kg7
27. fxe5 Bxe5 28. Bd4 Qe7 29. Bxe5+ Qxe5 30. Qxe5+ dxe5 31. Rd6 Rc7 32. Re6
Rc1+ 33. Kf2 Rc2+ 34. Kf3 Rxb2 35. Rxe5 Kf6 36. Ra5 g5 37. h3 h5 38. g3 Rh2 39.
a4 Rxh3 40. Kg2 g4 41. Rc5 h4 42. gxh4 Ra3 43. Rc4 Kf5 44. Rc5+ Kf6 45. Rc4 g3
46. Rb4 Kf5 47. Rxb7 Kg4 48. Rb4+ Kh5 49. Rc4 Rb3 50. Kh3 Ra3 51. Rc5+ Kh6 52.
Ra5 Kg6 53. Rxa6+ Kh5 54. Ra5+ Kh6 55. Ra8 Kh7 56. a5 Kg7 57. a6 Kh7 58. a7 Kg7
59. h5 Kh7 60. h6 Ra1 61. Kxg3 Ra2 62. Kf4 Ra1 63. Ke3 Ra2 64. Kd3 Ra1 65. Kc2
Ra6 66. Kb3 Ra1 67. Kb4 Rb1+ 68. Ka3 1/2-1/2

[Event "Autunno Scacchistico Magistrale"]
[Site "Venezia ITA"]
[Date "2002.10.??"]
[Round "6"]
[White "Bianchi, Andrea"]
[Black "Roberti, Ignazio"]
[Result "1/2-1/2"]
[WhiteElo "2131"]
[BlackElo "2032"]
[PlyCount "85"]
[EventDate "2002.10.31"]

1. e4 c5 2. Nf3 Nf6 3. e5 Nd5 4. Nc3 e6 5. Nxd5 exd5 6. d4 Nc6 7. dxc5 Bxc5 8.
Qxd5 Qa5+ 9. Qd2 Qc7 10. Qg5 O-O 11. Bd3 Re8 12. Bf4 d6 13. O-O Nxe5 14. Bxe5
dxe5 15. Rae1 h6 16. Qh5 Bd6 17. Re3 Bd7 18. Rfe1 f6 19. Nh4 e4 20. Bxe4 Bxh2+
21. Kh1 Re5 22. Bd5+ Rxd5 23. Qxd5+ Kh8 24. Re7 Bd6 25. Qf7 Bxe7 26. Rxe7 Rg8
27. Ng6+ Kh7 28. Nf8+ Kh8 29. Ng6+ Kh7 30. Nf8+ Kh8 31. Rxd7 Qxc2 32. Ng6+ Kh7
33. Nf8+ Kh8 34. Ne6 Qxf2 35. Rd4 Qe1+ 36. Kh2 Qe5+ 37. g3 Qe2+ 38. Kh3 Qf1+
39. Kh2 Qf2+ 40. Kh3 Qf1+ 41. Kh4 Qf3 42. Kh3 Qf1+ 43. Kh2 1/2-1/2

[Event "Autunno Scacchistico Magistrale"]
[Site "Venezia ITA"]
[Date "2002.10.??"]
[Round "6"]
[White "Cristiani, Cesare"]
[Black "Ramesa, Marin"]
[Result "1/2-1/2"]
[WhiteElo "2141"]
[BlackElo "2137"]
[PlyCount "106"]
[EventDate "2002.10.31"]

1. d4 Nf6 2. c4 e6 3. Nf3 b6 4. a3 Bb7 5. Nc3 d5 6. Bg5 Be7 7. Qa4+ c6 8. cxd5
exd5 9. e3 O-O 10. Rd1 Ne4 11. Bxe7 Qxe7 12. Bd3 Nd7 13. O-O f5 14. Rfe1 a5 15.
Qc2 Rae8 16. Nd2 Qh4 17. Nf1 Re6 18. f3 Nd6 19. Qf2 Qg5 20. Ne2 Rfe8 21. Nf4
R6e7 22. Qg3 Qf6 23. Nh5 Qh6 24. Nf4 Kh8 25. h4 c5 26. Kf2 cxd4 27. exd4 Qf6
28. Be2 Nf8 29. Qg5 Qf7 30. h5 Ne6 31. Qh4 Nxf4 32. Qxf4 Qf6 33. Bd3 g6 34.
hxg6 hxg6 35. Rxe7 Rxe7 36. Re1 Rxe1 37. Kxe1 Kg7 38. Kd2 Bc6 39. Ne3 b5 40. g3
Qe6 41. g4 Bd7 42. gxf5 gxf5 43. Qe5+ Kf7 44. Nxd5 Bc6 45. Qxe6+ Kxe6 46. Nf4+
Kf6 47. Ke3 b4 48. d5 bxa3 49. bxa3 Ba4 50. Kd4 Bd1 51. Ne2 f4 52. Kc5 Ke5 53.
Ba6 Nf5 1/2-1/2

[Event "Autunno Scacchistico Magistrale"]
[Site "Venezia ITA"]
[Date "2002.10.??"]
[Round "6"]
[White "Di Lazzaro, Gabriele"]
[Black "Solinas, Carlo"]
[Result "0-1"]
[WhiteElo "1985"]
[BlackElo "2083"]
[PlyCount "108"]
[EventDate "2002.10.31"]

1. e4 e5 2. Nf3 Nc6 3. Bc4 Nf6 4. d4 exd4 5. e5 d5 6. Bb5 Ne4 7. Nxd4 Bc5 8.
Be3 Bd7 9. O-O Nxe5 10. Qh5 Bd6 11. Ne6 Qf6 12. Bxd7+ Nxd7 13. Nxc7+ Bxc7 14.
Qxd5 Qe5 15. Qxe5+ Bxe5 16. Re1 O-O 17. c3 Rfe8 18. f3 Nef6 19. Nd2 Nd5 20. Bf2
Bf4 21. Nc4 Rac8 22. Rxe8+ Rxe8 23. Bxa7 b5 24. Rd1 N7f6 25. Na3 b4 26. Nb5
bxc3 27. bxc3 Rc8 28. Bd4 Be3+ 29. Bxe3 Nxe3 30. Rd3 Nc4 31. Rd4 g6 32. Kf2 Rc5
33. Nd6 Nxd6 34. Rxd6 Kg7 35. Rd3 Nd5 36. c4 Nb4 37. Rc3 Nxa2 38. Rc2 Nb4 39.
Rc3 Nd5 40. Rc2 Nb6 41. Rb2 Nxc4 42. Rc2 Ne5 43. Ra2 Nc6 44. g4 Rc3 45. Kg3 Ne5
46. Rf2 g5 47. Kg2 Ng6 48. h3 Nf4+ 49. Kg3 Kf6 50. h4 h6 51. hxg5+ hxg5 52. Rc2
Ra3 53. Ra2 Re3 54. Ra6+ Ke5 0-1

[Event "Autunno Scacchistico Magistrale"]
[Site "Venezia ITA"]
[Date "2002.10.??"]
[Round "6"]
[White "Doric, Darko"]
[Black "Rossato, Armando"]
[Result "1-0"]
[WhiteElo "2226"]
[BlackElo "2206"]
[PlyCount "43"]
[EventDate "2002.10.31"]

1. d4 c5 2. d5 f5 3. b3 Nf6 4. Bb2 d6 5. Bxf6 exf6 6. g3 Be7 7. Bg2 Qa5+ 8. c3
O-O 9. Nh3 g5 10. f4 b5 11. Qd2 h6 12. c4 Qb6 13. Na3 b4 14. Nc2 Na6 15. Qd3
Kg7 16. Ne3 Qd8 17. Nxf5+ Bxf5 18. Qxf5 Qc8 19. Be4 Rh8 20. fxg5 hxg5 21. Qg6+
Kf8 22. Nxg5 1-0

[Event "Autunno Scacchistico Magistrale"]
[Site "Venezia ITA"]
[Date "2002.10.??"]
[Round "6"]
[White "Drazic, Sinisa"]
[Black "Skembris, Spyridon"]
[Result "1/2-1/2"]
[WhiteElo "2465"]
[BlackElo "2426"]
[PlyCount "110"]
[EventDate "2002.10.31"]

1. d4 Nf6 2. Nc3 d5 3. Bg5 c6 4. e3 Bf5 5. Bd3 Bxd3 6. Qxd3 Nbd7 7. Nf3 h6 8.
Bh4 e6 9. e4 dxe4 10. Nxe4 Qa5+ 11. Ned2 Be7 12. Qb3 Qb5 13. Nc4 O-O 14. O-O-O
Qxb3 15. axb3 Rac8 16. Rhe1 Rfd8 17. c3 Kf8 18. Kc2 Nh5 19. Bxe7+ Kxe7 20. g3
Nhf6 21. Ra1 a6 22. b4 Rc7 23. Nfd2 g5 24. f3 Nd5 25. Ne4 Rf8 26. Re2 Rg8 27.
Nc5 Ra8 28. Ne5 Nxe5 29. dxe5 Rd8 30. Ne4 Rcd7 31. Kb3 Rc7 32. Rh1 b5 33. h4
Rg8 34. hxg5 hxg5 35. Rh7 Ra7 36. Nd6 Kf8 37. Reh2 Rd7 38. Ne4 Rd8 39. Rd2 Ke7
40. Nd6 Rdf8 41. Rdh2 Nf6 42. R7h6 Nd7 43. f4 gxf4 44. gxf4 c5 45. bxc5 Nxc5+
46. Kc2 Nd7 47. b4 Rg4 48. Rf2 Rfg8 49. Kb3 f6 50. Rh7+ R8g7 51. exf6+ Nxf6 52.
Rxg7+ Rxg7 53. Rd2 Rg8 54. Nb7 Rg3 55. Nd6 Rg8 1/2-1/2

[Event "Autunno Scacchistico Magistrale"]
[Site "Venezia ITA"]
[Date "2002.10.??"]
[Round "6"]
[White "Genocchio, Daniele"]
[Black "Molina, Fabrizio"]
[Result "1-0"]
[WhiteElo "2345"]
[BlackElo "2253"]
[PlyCount "81"]
[EventDate "2002.10.31"]

1. e4 e6 2. d3 c5 3. Nf3 Nc6 4. g3 d6 5. Bg2 Nf6 6. O-O Be7 7. c3 O-O 8. Ng5 h6
9. Nh3 d5 10. Qe2 e5 11. f4 Bg4 12. Qe1 dxe4 13. dxe4 c4 14. Nf2 Qb6 15. f5 Bc5
16. Nd2 Rad8 17. Nxc4 Qa6 18. Ne3 Be2 19. Kh1 Bxf1 20. Bxf1 Qb6 21. b4 Be7 22.
Bc4 Qc7 23. Qe2 a6 24. Bd2 b5 25. Nd5 Qb7 26. Bb3 a5 27. Ng4 Rd6 28. a3 axb4
29. axb4 Rfd8 30. Ngxf6+ Bxf6 31. Be3 Kh7 32. Qh5 Ra8 33. Rxa8 Qxa8 34. Qxf7
Qa1+ 35. Kg2 Rxd5 36. Qg6+ Kh8 37. Qe8+ Kh7 38. Bxd5 Ne7 39. Bf7 Qb2+ 40. Kh3
g5 41. Bg6+ 1-0

[Event "Autunno Scacchistico Magistrale"]
[Site "Venezia ITA"]
[Date "2002.10.??"]
[Round "6"]
[White "Maksimenko, Andrei"]
[Black "Ramesa, Davor"]
[Result "1-0"]
[WhiteElo "2507"]
[BlackElo "2118"]
[PlyCount "57"]
[EventDate "2002.10.31"]

1. Nf3 Nf6 2. c4 g6 3. Nc3 Bg7 4. e4 d6 5. d4 O-O 6. Be2 e5 7. O-O Nc6 8. d5
Ne7 9. Nd2 Nd7 10. b4 f5 11. a4 Nf6 12. f3 f4 13. c5 g5 14. Nc4 h5 15. Ba3 Ng6
16. b5 Ne8 17. a5 b6 18. cxb6 cxb6 19. Bb4 Rb8 20. axb6 axb6 21. Na4 Rf7 22.
Ncxb6 Rfb7 23. Nxc8 Qxc8 24. b6 Rxb6 25. Nxb6 Rxb6 26. Qa4 Qb8 27. Rfb1 Nc7 28.
Bd3 Nh4 29. Bxd6 1-0

[Event "Autunno Scacchistico Magistrale"]
[Site "Venezia ITA"]
[Date "2002.10.??"]
[Round "6"]
[White "Mufic, Goran"]
[Black "Ronchetti, Niccolo'"]
[Result "1-0"]
[WhiteElo "2354"]
[BlackElo "2233"]
[PlyCount "80"]
[EventDate "2002.10.31"]

1. d4 Nf6 2. Nf3 e6 3. Bg5 c5 4. e3 Nc6 5. c3 Be7 6. Nbd2 d5 7. Bd3 Qc7 8. O-O
O-O 9. dxc5 e5 10. e4 dxe4 11. Nxe4 Nxe4 12. Bxe4 Bxc5 13. Qd3 h6 14. Be3 Be7
15. Bd5 Kh8 16. Qc4 f5 17. Rad1 Bd7 18. Rfe1 Rac8 19. Be6 Rfd8 20. Rxd7 Rxd7
21. Bxf5 Rcd8 22. Bxd7 Qxd7 23. h3 Bf6 24. Qe4 Qf7 25. c4 Nd4 26. b3 Qc7 27.
Bxd4 exd4 28. Rd1 b6 29. Ne1 Qc5 30. Nd3 Qa3 31. Rd2 Qa5 32. Rc2 Qh5 33. Qg4
Qa5 34. Qe2 Rc8 35. Qe1 Qf5 36. Qe2 Rc7 37. Qf3 Qa5 38. Qa8+ Kh7 39. Qe4+ Kg8
40. Re2 Kh8 1-0

[Event "Autunno Scacchistico Magistrale"]
[Site "Venezia ITA"]
[Date "2002.10.??"]
[Round "6"]
[White "Pastres, Roberto"]
[Black "Trabert, Bettina"]
[Result "0-1"]
[WhiteElo "2195"]
[BlackElo "2319"]
[PlyCount "118"]
[EventDate "2002.10.31"]

1. Nf3 d5 2. g3 Bg4 3. Bg2 Nd7 4. O-O c6 5. h3 Bh5 6. d3 e6 7. Nbd2 Bd6 8. Qe1
Ne7 9. a3 O-O 10. e4 e5 11. g4 Bg6 12. Nh4 f6 13. Nf5 Nc5 14. Nf3 Bf7 15. Kh1
Ne6 16. Nxe7+ Bxe7 17. Nh4 g6 18. Rg1 Nf4 19. Bf1 dxe4 20. dxe4 f5 21. Nxf5 Bg5
22. Ng3 Bh6 23. Be3 Qh4 24. Kh2 Kh8 25. f3 Be6 26. Nh1 Qxe1 27. Rxe1 Rad8 28.
Nf2 b6 29. Kg3 Rf7 30. Nd3 Nxd3 31. Bxd3 Bxe3 32. Rxe3 c5 33. Rg2 g5 34. Bb5 c4
35. Rc3 Rd4 36. h4 gxh4+ 37. Kxh4 Rc7 38. b3 Rc5 39. Bxc4 b5 40. Bxe6 Rxc3 41.
Rf2 Rd6 42. Bd5 Rf6 43. Kg3 Kg7 44. a4 bxa4 45. bxa4 Kg6 46. Bb3 Kg5 47. Rf1 h5
48. gxh5 Kxh5 49. Rh1+ Kg5 50. Rf1 Rf4 51. Kg2 Rf6 52. Kg3 a5 53. Rf2 Rd6 54.
Rg2 Kf6 55. Rh2 Kg6 56. Rf2 Rd1 57. Kg2 Re1 58. Kh2 Kg5 59. Kg2 Kf4 0-1

[Event "Autunno Scacchistico Magistrale"]
[Site "Venezia ITA"]
[Date "2002.10.??"]
[Round "6"]
[White "Pietrobon, Fabio"]
[Black "Navarro, Emanuele"]
[Result "0-1"]
[WhiteElo "2222"]
[BlackElo "2126"]
[PlyCount "96"]
[EventDate "2002.10.31"]

1. d4 Nf6 2. Nf3 d6 3. Bg5 Nbd7 4. Nbd2 g6 5. e4 Bg7 6. c3 c5 7. dxc5 Nxc5 8.
Qc2 Qc7 9. Bb5+ Bd7 10. Bxd7+ Ncxd7 11. O-O O-O 12. Rac1 Rac8 13. Rfe1 b5 14.
h3 b4 15. c4 Nc5 16. e5 dxe5 17. Nxe5 Rfd8 18. Bf4 Qb7 19. Nb3 Nfe4 20. Nxc5
Nxc5 21. Rcd1 Ne6 22. Bh2 Nd4 23. Qd3 f6 24. Ng4 h5 25. Nxf6+ exf6 26. Qxg6 Qf7
27. Qxf7+ Kxf7 28. b3 Ne2+ 29. Kf1 Nc3 30. Ra1 Bf8 31. Bf4 Re8 32. Rxe8 Rxe8
33. Be3 a5 34. Bd4 Bd6 35. a3 Re4 36. Bxc3 bxc3 37. Rc1 Be5 38. Rc2 a4 39. bxa4
Rxc4 40. Ke2 Rxa4 41. Ra2 Ke6 42. Kd3 Ra6 43. a4 Rd6+ 44. Ke2 Rb6 45. Kd3 Rb2
46. Rxb2 cxb2 47. Kc2 f5 48. f4 Bf6 0-1

[Event "Autunno Scacchistico Magistrale"]
[Site "Venezia ITA"]
[Date "2002.10.??"]
[Round "6"]
[White "Redo, Giorgio"]
[Black "Opacic, Alexandar"]
[Result "1-0"]
[WhiteElo "1957"]
[BlackElo "2088"]
[PlyCount "102"]
[EventDate "2002.10.31"]

1. f4 b6 2. b3 Bb7 3. Bb2 Nf6 4. e3 c5 5. Nf3 e6 6. Be2 h6 7. O-O Nc6 8. Ne5 d6
9. Nxc6 Bxc6 10. Bf3 Qc7 11. d3 Be7 12. Nd2 d5 13. c4 O-O-O 14. Qe2 g5 15. Be5
Qd7 16. Rad1 Rhg8 17. cxd5 Nxd5 18. Bxd5 Qxd5 19. Ne4 gxf4 20. Bxf4 f5 21. Ng3
e5 22. e4 fxe4 23. dxe4 Qe6 24. Rxd8+ Rxd8 25. Bc1 Rd4 26. Bb2 Rd8 27. Nf5 Bg5
28. Qg4 Kb7 29. h4 Bf4 30. Bc1 Bxe4 31. Bxf4 Rg8 32. Bg5 Bxf5 33. Qxf5 Qxf5 34.
Rxf5 hxg5 35. Rxg5 Re8 36. Kf2 Kc6 37. Ke3 Kd5 38. h5 b5 39. h6 Rh8 40. Rh5 c4
41. bxc4+ bxc4 42. h7 Ke6 43. Ke4 Kf6 44. Rh3 Ke6 45. Rh6+ Kf7 46. Kxe5 Kg7 47.
Rh3 c3 48. Rxc3 Kxh7 49. Rh3+ Kg7 50. Rxh8 Kxh8 51. a4 Kg7 1-0

[Event "Autunno Scacchistico Magistrale"]
[Site "Venezia ITA"]
[Date "2002.10.??"]
[Round "6"]
[White "Rigo, Gianfrancesco"]
[Black "Lain, Luigi"]
[Result "1-0"]
[WhiteElo "2003"]
[BlackElo "2199"]
[PlyCount "47"]
[EventDate "2002.10.31"]

1. e4 e5 2. Bc4 Nf6 3. d4 exd4 4. Nf3 Bc5 5. O-O Nxe4 6. Re1 d5 7. Bxd5 Qxd5 8.
Nc3 Qh5 9. Rxe4+ Be6 10. Re5 Qg6 11. Rg5 dxc3 12. Rxg6 hxg6 13. Qe1 cxb2 14.
Bxb2 Nc6 15. Bxg7 Rh5 16. Rd1 Bd6 17. Bf6 Rf5 18. Bh4 Ra5 19. Qc3 Kd7 20. Bg3
Bxa2 21. Ne5+ Rxe5 22. Bxe5 Nxe5 23. Qxe5 a6 24. Qb2 1-0

[Event "Autunno Scacchistico Magistrale"]
[Site "Venezia ITA"]
[Date "2002.10.??"]
[Round "6"]
[White "Rombaldoni, Denis"]
[Black "Pegoraro, Nicola"]
[Result "1/2-1/2"]
[WhiteElo "2061"]
[BlackElo "2077"]
[PlyCount "20"]
[EventDate "2002.10.31"]

1. d4 f5 2. Bg5 c6 3. Nf3 g6 4. Nbd2 Bg7 5. c3 Nf6 6. Qc2 d5 7. Bxf6 Bxf6 8. e3
Nd7 9. Bd3 e6 10. h3 Qe7 1/2-1/2

[Event "Autunno Scacchistico Magistrale"]
[Site "Venezia ITA"]
[Date "2002.10.??"]
[Round "6"]
[White "Tomescu, Vlad"]
[Black "Mileto, Gabriele"]
[Result "1/2-1/2"]
[WhiteElo "2432"]
[BlackElo "2210"]
[PlyCount "86"]
[EventDate "2002.10.31"]

1. d4 d5 2. c4 c6 3. Nc3 Nf6 4. Nf3 e6 5. cxd5 exd5 6. Bf4 Bd6 7. Bg3 Ne4 8.
Nxe4 dxe4 9. Nd2 Bxg3 10. hxg3 Qxd4 11. e3 Qxb2 12. Nxe4 Qb4+ 13. Nd2 Bf5 14.
e4 Be6 15. f4 Qc3 16. Kf2 Qd4+ 17. Kf3 Nd7 18. Nc4 Qxd1+ 19. Rxd1 Ke7 20. Nd6
Rab8 21. Be2 g6 22. a3 Nf6 23. e5 Bd5+ 24. Ke3 Nd7 25. Bf3 Nb6 26. Rh6 Nc4+ 27.
Nxc4 Bxc4 28. Rdh1 Rbd8 29. Be4 Bd5 30. Rxh7 Rxh7 31. Rxh7 Bxe4 32. Kxe4 Rd2
33. g4 Rxg2 34. Kf3 Ra2 35. f5 gxf5 36. gxf5 Kf8 37. Rh8+ Kg7 38. Rb8 Rxa3+ 39.
Kf4 Ra1 40. Rxb7 Rf1+ 41. Kg5 Rg1+ 42. Kf4 Rf1+ 43. Kg5 Rg1+ 1/2-1/2

[Event "Autunno Scacchistico Magistrale"]
[Site "Venezia ITA"]
[Date "2002.10.??"]
[Round "6"]
[White "Vancini, Edoardo"]
[Black "Cacco, Christian"]
[Result "1/2-1/2"]
[WhiteElo "2285"]
[BlackElo "2298"]
[PlyCount "112"]
[EventDate "2002.10.31"]

1. e4 g6 2. d4 Bg7 3. c3 d6 4. Nf3 Nf6 5. Bd3 O-O 6. O-O Nc6 7. Nbd2 Nh5 8. Nc4
b5 9. Ne3 Rb8 10. a4 a6 11. axb5 axb5 12. Re1 Kh8 13. Bf1 e6 14. g3 Ne7 15. Nc2
Nf6 16. Bd2 c5 17. dxc5 dxc5 18. Bf4 Rb7 19. Qxd8 Rxd8 20. Rad1 Re8 21. Na3 c4
22. Bg2 Nd7 23. Ng5 Kg8 24. e5 Nd5 25. Bxd5 exd5 26. e6 fxe6 27. Nxe6 b4 28.
Nb1 Nf6 29. Nxg7 Rxe1+ 30. Rxe1 Kxg7 31. Be5 b3 32. Bd4 Kf7 33. f3 Ng8 34. Nd2
Ne7 35. f4 Bg4 36. Kg2 Nc6 37. Bf2 Bf5 38. h3 Re7 39. Rxe7+ Kxe7 40. g4 Bd3 41.
Bc5+ Kd7 42. Kf2 d4 43. cxd4 c3 44. bxc3 b2 45. Ke3 b1=Q 46. Nxb1 Bxb1 47. d5
Nd8 48. Ba3 Nf7 49. c4 h5 50. c5 hxg4 51. hxg4 Nh6 52. c6+ Kc7 53. Be7 Nxg4+
54. Kd4 Nf2 55. Kc5 Ne4+ 56. Kd4 Nd2 1/2-1/2

[Event "XXXIV C.to Italiano a squadre A2 spareggi"]
[Site "ITA"]
[Date "2002.05.12"]
[Round "1"]
[White "Caselli, Luigi"]
[Black "Guido, Flavio"]
[WhiteElo "2282"]
[BlackElo "2319"]
[Result "0-1"]
[PlyCount "84"]
[EventDate "2002.05.12"]

1. d4 Nf6 2. Bg5 Ne4 3. Bf4 c5 4. f3 Qa5+ 5. c3 Nf6 6. Nd2 cxd4 7. Nb3 Qf5 8.
Bxb8 Rxb8 9. Qxd4 b6 10. e4 Qf4 11. Nh3 Qc7 12. e5 Ng8 13. O-O-O e6 14. f4 f5
15. Be2 Nh6 16. Nf2 Bb7 17. Rhg1 Be7 18. h3 g6 19. Kb1 a6 20. Rd2 b5 21. c4 b4
22. c5 a5 23. Bb5 Bd5 24. Ba4 O-O 25. Nd3 Ra8 26. Rc2 Nf7 27. Nd2 Rac8 28. g4
Nd8 29. gxf5 Rxf5 30. Ne4 Nc6 31. Qe3 Rcf8 32. Nd6 Bxd6 33. exd6 Qd8 34. Bxc6
Bxc6 35. Ne5 Bd5 36. c6 dxc6 37. Nxc6 Qxd6 38. Ne5 Rxf4 39. Nxg6 hxg6 40. Rxg6+
Kh7 41. Qg3 Rf1+ 42. Rc1 Be4+ 0-1

[Event "XXXIV C.to Italiano a squadre A2 spareggi"]
[Site "ITA"]
[Date "2002.05.12"]
[Round "1"]
[White "Chiaretti, Roberto"]
[Black "Pernigotti, Carlo"]
[WhiteElo "2199"]
[BlackElo "2201"]
[Result "1/2-1/2"]
[PlyCount "82"]
[EventDate "2002.05.12"]

1. d4 d5 2. Nf3 Nf6 3. c4 dxc4 4. e3 e6 5. Bxc4 c5 6. O-O Nc6 7. Qe2 cxd4 8.
Rd1 Be7 9. Nxd4 Nxd4 10. Rxd4 Qc7 11. Nc3 a6 12. a3 O-O 13. e4 Nd7 14. Rd1 b5
15. Ba2 Bb7 16. Be3 Bc6 17. Rac1 Qb7 18. Nd5 Bd8 19. f3 a5 20. Nf4 Ne5 21. Qf2
Be7 22. Qg3 Ng6 23. Nd3 Rac8 24. Nc5 Qa8 25. Bg5 Rcd8 26. Bxe7 Nxe7 27. Qc7
Rfe8 28. Nb3 a4 29. Nd4 Rd7 30. Qb6 Red8 31. Rd2 Kh8 32. Nxc6 Rxd2 33. Nxd8
Rxd8 34. Qe3 Qb7 35. Bb1 h6 36. Bd3 Nc6 37. e5 Nd4 38. Re1 Qb6 39. Kf1 Qc5 40.
Kf2 Rd7 41. Rc1 Qb6 1/2-1/2

[Event "XXXIV C.to Italiano a squadre A2 spareggi"]
[Site "ITA"]
[Date "2002.05.12"]
[Round "1"]
[White "Di Paolo, Raffaele"]
[Black "Popa, Florin"]
[WhiteElo "2331"]
[BlackElo "2193"]
[Result "1-0"]
[PlyCount "87"]
[EventDate "2002.05.12"]

1. e4 e5 2. Nf3 Nc6 3. Bc4 Nf6 4. d3 Bc5 5. O-O d6 6. c3 Bb6 7. b4 h6 8. a4 a6
9. h3 O-O 10. Re1 Be6 11. Nbd2 Re8 12. Bxe6 Rxe6 13. Nc4 Ba7 14. b5 Ne7 15. Be3
Bxe3 16. Nxe3 d5 17. Qc2 Ng6 18. g3 Qd7 19. c4 c6 20. bxa6 Rxa6 21. Nf5 d4 22.
Reb1 Qc7 23. Qb3 b6 24. c5 bxc5 25. Qb8+ Qxb8 26. Rxb8+ Re8 27. Rxe8+ Nxe8 28.
Nd2 Kf8 29. Nc4 f6 30. a5 Nc7 31. Nfd6 Ra7 32. Rb1 Na6 33. Rb6 Ne7 34. Kf1 g6
35. Ke2 h5 36. h4 Nc7 37. Rb8+ Kg7 38. Rd8 Nb5 39. Ne8+ Kf7 40. Rb8 Ke6 41. f3
Kf7 42. g4 Rd7 43. g5 Ra7 44. gxf6 1-0

[Event "XXXIV C.to Italiano a squadre A2 spareggi"]
[Site "ITA"]
[Date "2002.05.12"]
[Round "1"]
[White "Massa, Giovanni"]
[Black "Ricci, Marco"]
[WhiteElo "2096"]
[BlackElo "2162"]
[Result "1/2-1/2"]
[PlyCount "70"]
[EventDate "2002.05.12"]

1. e4 e6 2. d4 d5 3. Nc3 Nf6 4. Bg5 Be7 5. e5 Nfd7 6. Bxe7 Qxe7 7. f4 O-O 8.
Nf3 c5 9. dxc5 Qxc5 10. Qd2 Nb6 11. O-O-O Nc6 12. Bd3 Nc4 13. Bxc4 Qxc4 14. Kb1
b6 15. h4 Bb7 16. h5 f6 17. exf6 Rxf6 18. g3 Rd8 19. Rhe1 h6 20. Ne5 Nxe5 21.
Rxe5 Rdf8 22. Rde1 Bc8 23. Ne2 Rf5 24. Nd4 Rxe5 25. Rxe5 Qf1+ 26. Qe1 Qxe1+ 27.
Rxe1 Kf7 28. Nc6 Kf6 29. Ne5 Rd8 30. c3 Kf5 31. Kc2 Bd7 32. Kd2 Be8 33. Rh1 Ke4
34. Re1+ Kf5 35. Rh1 Ke4 1/2-1/2

[Event "XXXIV C.to Italiano a squadre A2.1"]
[Site "ITA"]
[Date "2002.02.24"]
[Round "1"]
[White "Rossi, Giampiero"]
[Black "De Santis, Alessio"]
[WhiteElo "2065"]
[BlackElo "2274"]
[Result "0-1"]
[PlyCount "72"]
[EventDate "2002.02.24"]

1. d4 d6 2. c4 f5 3. Nf3 g6 4. g3 Nf6 5. Bg2 Bg7 6. Nc3 O-O 7. O-O Qe8 8. Bg5
c6 9. Qd2 Nbd7 10. Rac1 e5 11. b3 Ne4 12. Nxe4 fxe4 13. Ne1 exd4 14. Qc2 h6 15.
Bf4 Rxf4 16. gxf4 Nf6 17. e3 d3 18. Nxd3 exd3 19. Qxd3 Bf8 20. Rfe1 Qf7 21. Bf3
Bh3 22. Kh1 Re8 23. Rg1 Kh7 24. Rg3 Bf5 25. Qe2 d5 26. cxd5 cxd5 27. Qd2 Ba3
28. Rd1 Rc8 29. Qd4 Bc5 30. Qe5 Re8 31. Qc3 Bb6 32. Kg1 d4 33. exd4 Ne4 34.
Bxe4 Rxe4 35. Re3 Rxf4 36. Rde1 Bxd4 0-1

[Event "XXXIV C.to Italiano a squadre A2.1"]
[Site "ITA"]
[Date "2002.02.24"]
[Round "2"]
[White "Guido, Flavio"]
[Black "De Santis, Alessio"]
[WhiteElo "2351"]
[BlackElo "2274"]
[Result "1/2-1/2"]
[PlyCount "45"]
[EventDate "2002.02.24"]

1. e4 c5 2. c3 Nf6 3. e5 Nd5 4. d4 cxd4 5. Nf3 Nc6 6. Bc4 Nb6 7. Bb3 d5 8. exd6
Qxd6 9. O-O Be6 10. Na3 dxc3 11. Nb5 Qxd1 12. Rxd1 Rc8 13. Bxe6 fxe6 14. bxc3
g6 15. Ng5 a6 16. Nd4 Nxd4 17. cxd4 Rc6 18. Re1 Nd5 19. Nxe6 Kd7 20. Nc5+ Kc8
21. Ne6 Kd7 22. Nc5+ Kc8 23. Ne6 1/2-1/2

[Event "XXXIV C.to Italiano a squadre A2.1"]
[Site "ITA"]
[Date "2002.03.10"]
[Round "2"]
[White "Massa, Giovanni"]
[Black "Lo Curto, Emanuele"]
[WhiteElo "2105"]
[BlackElo "2087"]
[Result "1/2-1/2"]
[PlyCount "92"]
[EventDate "2002.02.24"]

1. e4 c5 2. Nf3 d6 3. d4 cxd4 4. Nxd4 Nf6 5. Nc3 e6 6. Be3 Be7 7. f3 Nc6 8. Qd2
a6 9. g4 Qc7 10. g5 Nd7 11. O-O-O b5 12. h4 Nce5 13. Bd3 Nc5 14. Kb1 b4 15.
Nce2 b3 16. axb3 Nexd3 17. cxd3 e5 18. Nf5 Bxf5 19. exf5 Nxb3 20. Qb4 Rb8 21.
Qa4+ Qd7 22. Qxd7+ Kxd7 23. d4 exd4 24. Nxd4 Rhc8 25. Rhe1 Rc4 26. Re2 Rbb4 27.
Nxb3 Rxb3 28. Rde1 Bd8 29. h5 Rb5 30. Bd2 Rxf5 31. f4 Rb5 32. Re8 h6 33. Rf8
Rf5 34. Ree8 Bc7 35. Ra8 hxg5 36. fxg5 Rf1+ 37. Ka2 Rh4 38. h6 gxh6 39. gxh6
Rh2 40. Bg5 Rff2 41. Bc1 Bb6 42. Rfb8 Bc7 43. Rg8 Rf1 44. Bg5 Rff2 45. Bc1 Rf1
46. Bg5 Rff2 1/2-1/2

[Event "XXXIV C.to Italiano a squadre A2.1"]
[Site "ITA"]
[Date "2002.03.10"]
[Round "2"]
[White "Pulito, Alberto"]
[Black "Poli, Giuseppe"]
[WhiteElo "2030"]
[BlackElo "1812"]
[Result "1/2-1/2"]
[PlyCount "134"]
[EventDate "2002.02.24"]

1. e4 c6 2. Nc3 d5 3. d4 dxe4 4. Nxe4 Bf5 5. Ng3 Bg6 6. Nf3 Nd7 7. h4 h6 8. Bd3
Bxd3 9. Qxd3 Qc7 10. Bd2 e6 11. c4 Ngf6 12. O-O-O O-O-O 13. Bc3 Bd6 14. Ne4
Nxe4 15. Qxe4 Nf6 16. Qe2 c5 17. Kb1 cxd4 18. Nxd4 a6 19. Ka1 Rd7 20. Rhe1 Rhd8
21. Nb3 Be7 22. Rc1 Bc5 23. Nxc5 Qxc5 24. b4 Qf5 25. b5 Qc5 26. Rb1 Nd5 27. Be5
Nc7 28. Qf3 a5 29. b6 Na6 30. Rb5 Qc6 31. Qxc6+ bxc6 32. Rxa5 Kb7 33. Rb1 f6
34. Bc3 Rd1 35. Ra3 Rxb1+ 36. Kxb1 Rd1+ 37. Kc2 Rf1 38. Bd4 c5 39. Rxa6 cxd4
40. Ra7+ Kxb6 41. Rxg7 Rxf2+ 42. Kd3 Rxa2 43. Kxd4 Rd2+ 44. Ke3 Rc2 45. Kd3 Rf2
46. Rg6 h5 47. Ke3 Rf5 48. Rg8 Kc5 49. Re8 Kd6 50. g3 Kd7 51. Ra8 Kd6 52. Ra6+
Kd7 53. Rb6 Rf1 54. Rb5 Rc1 55. Kd4 Rg1 56. Rb3 Kc6 57. Rf3 f5 58. Ke5 Re1+ 59.
Kf6 Re4 60. Kg5 Rxc4 61. Kxh5 Rg4 62. Rd3 Kc7 63. Kh6 Rg8 64. Kh7 Rg4 65. Kh6
Rg8 66. Kh7 Rg4 67. Kh6 Rg8 1/2-1/2

[Event "XXXIV C.to Italiano a squadre A2.1"]
[Site "ITA"]
[Date "2002.03.10"]
[Round "2"]
[White "Rivello, Roberto"]
[Black "Pernigotti, Carlo"]
[WhiteElo "2276"]
[BlackElo "2201"]
[Result "0-1"]
[PlyCount "112"]
[EventDate "2002.02.24"]

1. e4 c5 2. Nf3 Nc6 3. d4 cxd4 4. Nxd4 Nf6 5. Nc3 d6 6. g3 e5 7. Nde2 Be7 8.
Bg2 O-O 9. O-O a6 10. a4 Nb4 11. h3 Be6 12. f4 Rc8 13. f5 Bc4 14. g4 d5 15.
exd5 Nfxd5 16. Nxd5 Bxd5 17. Bxd5 Nxd5 18. c3 Qb6+ 19. Kg2 Rfd8 20. Qe1 Bc5 21.
a5 Qc6 22. Kh2 Be3 23. Bxe3 Nxe3 24. Rf2 Nc2 25. Nd4 Nxd4 26. cxd4 exd4 27. Rd1
Qd6+ 28. Kg2 Qd5+ 29. Kg1 Re8 30. Qd2 Re4 31. f6 h5 32. Rf5 Qd6 33. gxh5 Qg3+
34. Qg2 Qxg2+ 35. Kxg2 gxf6 36. Rxf6 Rc2+ 37. Rf2 Rc5 38. Rfd2 Rd5 39. Kf3 Rh4
40. Kg3 Re4 41. Kf3 Re3+ 42. Kg4 d3 43. h4 Kg7 44. Kf4 Rh3 45. Ke4 Rxa5 46.
Rg1+ Kh6 47. Rf2 f5+ 48. Kd4 Ra4+ 49. Ke5 Rg4 50. Re1 Kxh5 51. Kxf5 Kxh4 52.
Re7 Kg3 53. Rd2 Rh5+ 54. Kf6 Rf4+ 55. Kg6 Rd5 56. Rxb7 Kf3 0-1